Detalles MARC
| 000 -CABECERA |
| campo de control de longitud fija |
01494nam a2200373 i 4500 |
| 003 - IDENTIFICADOR DEL NÚMERO DE CONTROL |
| campo de control |
DO-SdBNP |
| 005 - FECHA Y HORA DE LA ÚLTIMA TRANSACCIÓN |
| campo de control |
20260524005308.0 |
| 007 - CAMPO FIJO DE DESCRIPCIÓN FÍSICA--INFORMACIÓN GENERAL |
| campo de control de longitud fija |
ta |
| 008 - DATOS DE LONGITUD FIJA--INFORMACIÓN GENERAL |
| campo de control de longitud fija |
240325s2013 dr c 000 j spa d |
| 020 ## - NÚMERO INTERNACIONAL ESTÁNDAR DEL LIBRO |
| Número Internacional Estándar del Libro |
9781932766400 |
| 040 ## - FUENTE DE LA CATALOGACIÓN |
| Centro catalogador/agencia de origen |
DO-SdBNP |
| Lengua de catalogación |
spa |
| Centro/agencia transcriptor |
BNPHU |
| Normas de descripción |
rda |
| 082 #1 - NÚMERO DE LA CLASIFICACIÓN DECIMAL DEWEY |
| Número de clasificación |
320.97293 |
| Número de documento/Ítem |
R696 |
| Número de edición |
23 |
| 100 ## - ENTRADA PRINCIPAL--NOMBRE DE PERSONA |
| Nombre de persona |
Rodríguez Beruff, Jorge, |
| Término indicativo de función/relación |
autor |
| Código de función/relación |
aut. |
| 9 (RLIN) |
11765 |
| 245 10 - MENCIÓN DE TÍTULO |
| Título |
Entre islas : |
| Resto del título |
homenaje puertorriqueño a Juan Bosch / |
| Mención de responsabilidad, etc. |
Jorge Rodríguez Beruff ; editor, Juan B. Giusti de Jesús ; presentación, Franklin Franco |
| 250 ## - MENCIÓN DE EDICIÓN |
| Resto de la mención de edición |
Primera edición |
| 264 #1 - PRODUCCIÓN, PUBLICACIÓN, DISTRIBUCIÓN, FABRICACIÓN Y COPYRIGHT |
| Producción, publicación, distribución, fabricación y copyright |
San Juan, Puerto Rico : |
| Nombre del de productor, editor, distribuidor, fabricante |
Editora Callejón, |
| Fecha de producción, publicación, distribución, fabricación o copyright |
2013. |
| 300 ## - DESCRIPCIÓN FÍSICA |
| Extensión |
226 páginas : |
| Dimensiones |
22 cm |
| 336 ## - TIPO DE CONTENIDO |
| Término de tipo de contenido |
texto |
| Código de tipo de contenido |
txt |
| Fuente |
rdacontent |
| 337 ## - TIPO DE MEDIO |
| Nombre/término del tipo de medio |
sin mediación |
| Código del tipo de medio |
n |
| Fuente |
rdamedia |
| 338 ## - TIPO DE SOPORTE |
| Nombre/término del tipo de soporte |
volumen |
| Código del tipo de soporte |
nc |
| Fuente |
rdacarrier |
| 490 1# - MENCIÓN DE SERIE |
| Mención de serie |
Colección En Fuga |
| 490 1# - MENCIÓN DE SERIE |
| Mención de serie |
Ensayo |
| 500 ## - NOTA GENERAL |
| Nota general |
Incluye datos biográficos de los editores en las paginas 221-226. |
| 590 ## - NOTA LOCAL (RLIN) |
| Nota local |
Inventariado, 2024/ YL |
| 600 #7 - PUNTO DE ACCESO ADICIONAL DE MATERIA--NOMBRE DE PERSONA |
| Fuente del encabezamiento o término |
Lemb |
| Nombre de persona |
Bosch, Juan |
| Subdivisión general |
Pensamiento político y social |
| Subdivisión cronológica |
1909-2001 |
| 9 (RLIN) |
89712 |
| 650 #7 - PUNTO DE ACCESO ADICIONAL DE MATERIA--TÉRMINO DE MATERIA |
| Fuente del encabezamiento o término |
Lemb |
| Término de materia o nombre geográfico como elemento de entrada |
Intelectuales |
| Subdivisión de forma |
Biografía |
| Subdivisión geográfica |
República Dominicana |
| 9 (RLIN) |
89713 |
| 651 #7 - PUNTO DE ACCESO ADICIONAL DE MATERIA--NOMBRE GEOGRÁFICO |
| Fuente del encabezamiento o término |
Lemb |
| Nombre geográfico |
República Dominicana |
| Subdivisión general |
Realciones |
| Subdivisión geográfica |
Puerto Rico |
| 9 (RLIN) |
89714 |
| 651 #7 - PUNTO DE ACCESO ADICIONAL DE MATERIA--NOMBRE GEOGRÁFICO |
| Fuente del encabezamiento o término |
Lemb |
| Nombre geográfico |
Puerto Rico |
| Subdivisión general |
Realciones |
| Subdivisión geográfica |
República Dominicana |
| 9 (RLIN) |
89715 |
| 700 1# - PUNTO DE ACCESO ADICIONAL--NOMBRE DE PERSONA |
| Nombre de persona |
Giusti de Jesús, Juan B., |
| Término indicativo de función/relación |
editor |
| Código de función/relación |
ed. |
| 9 (RLIN) |
85093 |
| 700 1# - PUNTO DE ACCESO ADICIONAL--NOMBRE DE PERSONA |
| Nombre de persona |
Franco, Franklin, |
| Término indicativo de función/relación |
presentación |
| 9 (RLIN) |
34451 |
| 830 ## - PUNTO DE ACCESO ADICIONAL DE SERIE-TÍTULO UNIFORME |
| Título uniforme |
Colección En Fuga |
| Nombre de parte o sección de la obra |
Ensayo |
| 9 (RLIN) |
86934 |
| 910 ## - DATOS DE OPCIÓN DEL USUARIO (OCLC) |
| Datos de opción del usuario |
YLockward |
| 942 ## - ELEMENTOS DE PUNTO DE ACCESO ADICIONAL (KOHA) |
| Fuente del sistema de clasificación o colocación |
Dewey Decimal Classification |
| Tipo de ítem Koha |
Libro |
| Edición |
23 |